Llwytho...
Hormones from molecules to disease
| Prif Awdur: | |
|---|---|
| Fformat: | Printed Book |
| Cyhoeddwyd: |
Chapman and Hall, New York
1990
|
| Pynciau: |
| LEADER | 00514nam a2200193 4500 | ||
|---|---|---|---|
| 020 | |||
| 082 | |a 573.41 BAU-H | ||
| 100 | |a Baulieu, Etienne-Emile, Ed.; Kelly, Paul A, Ed. | ||
| 245 | |a Hormones from molecules to disease | ||
| 250 | |||
| 260 | |a Chapman and Hall, New York |c 1990 | ||
| 300 | |||
| 490 | |||
| 500 | |||
| 590 | |a PJ | ||
| 650 | |a Hormones | ||
| 942 | |c BK | ||
| 999 | |c 93281 |d 93281 | ||
| 952 | |0 0 |1 0 |4 0 |6 573_410000000000000_BAUH |7 0 |9 106749 |a ZGY |b ZGY |l 0 |o 573.41 BAU-H |p ZGYG0302 |r 2019-09-25 |w 2019-09-25 |y BK | ||